effect of threonine supplementation to concentrated feed on growth performance of quails ឥទ្ធិពលនៃកាបន្ថែម THREONINE ក្នុងចំណីសម្រេចទៅលើការលូតលាស់របស់ក្រួច (Record no. 18263)

000 -LEADER
fixed length control field 00580nam a22001337a 4500
040 ## - CATALOGING SOURCE
Transcribing agency RUA
082 ## - DEWEY DECIMAL CLASSIFICATION NUMBER
Classification number ANS SOK 2018 B648 Or.1
100 ## - MAIN ENTRY--AUTHOR NAME
Personal name SOK SOPHALIN សុខ សុផាលីន
245 ## - TITLE STATEMENT
Title effect of threonine supplementation to concentrated feed on growth performance of quails ឥទ្ធិពលនៃកាបន្ថែម THREONINE ក្នុងចំណីសម្រេចទៅលើការលូតលាស់របស់ក្រួច
260 ## - PUBLICATION, DISTRIBUTION, ETC. (IMPRINT)
Place of publication RUA
Name of publisher Phnom penh
Year of publication 2018
300 ## - PHYSICAL DESCRIPTION
Number of Pages x;46p
Other physical details ill;
Dimensions 29cm
856 ## - ELECTRONIC LOCATION AND ACCESS
Uniform Resource Identifier SOK SOPHALIN
942 ## - ADDED ENTRY ELEMENTS (KOHA)
Koha item type ANS
952 ## - LOCATION AND ITEM INFORMATION (KOHA)
Withdrawn status [LOCAL, KOHA] 0
952 ## - LOCATION AND ITEM INFORMATION (KOHA)
Withdrawn status [LOCAL, KOHA] 0
952 ## - LOCATION AND ITEM INFORMATION (KOHA)
Withdrawn status [LOCAL, KOHA] 0
952 ## - LOCATION AND ITEM INFORMATION (KOHA)
Withdrawn status [LOCAL, KOHA] 0
952 ## - LOCATION AND ITEM INFORMATION (KOHA)
Withdrawn status [LOCAL, KOHA] 0
952 ## - LOCATION AND ITEM INFORMATION (KOHA)
Withdrawn status [LOCAL, KOHA] 0
Holdings
Permanent Location Date acquired Koha item type Lost status Shelving location Barcode Current Location Full call number
Library Block B2019-10-03ANS B648A44510Library Block BANS SOK 2018 B648 Or.1
Library Block B2019-10-03ANS B648A43129Library Block BANS SOK 2018 B648 Or.2
Library Block B2019-10-03ANS B648A43687Library Block BANS SOK 2018 B648 Or.3
Library Block B2019-10-03ANS B648A44501Library Block BANS SOK 2018 B648 Or.4
Library Block B2019-10-03ANS B648A43949Library Block BANS SOK 2018 B648 Or.5
Library Block B2019-10-03ANS B648A43869Library Block BANS SOK 2018 B648 Or.6
មជ្ឈមណ្ឌលឯការនៃសាកលវិទ្យាល័យភូមិន្ទកសិកម្មចំការដូង

Powered by Koha